000 00718nam a2200181Ia 4500
008 220216s9999 xx 000 0 und d
100 _aRay D.
245 0 _aLeaf nutrient status influences defoliation in Hevea brasiliensis under given clonal differences and agroclimatic conditions in Tripura
260 _bNational Seminar on Improving Crop Productivity in an Ecofriendly Environment: Physiological and Molecular Approaches, 2003, G.B. Pant University of Agriculture and Technology, Pantnagar, India, pp. 28.
_c2003
650 _aAgroclimate
650 _aDefoliation
650 _aLeaf nutrient
650 _aTripura
700 _aChoudhury M.
700 _aDey S.K.
700 _aSarma A.C.
942 _cBS
999 _c52814
_d52814